Vũ Ngọc Phan toàn tập Trọn bộ 5 tập Tập 3

Zapisane w:
Opis bibliograficzny
Kolejni autorzy: Hồng Diệu (Sưu tầm, tuyển chọn và giới thiệu)
Format: Książka
Język:Vietnamese
Wydane: H. Văn học 2010
Hasła przedmiotowe:
Etykiety: Dodaj etykietę
Nie ma etykietki, Dołącz pierwszą etykiete!
Thư viện lưu trữ: Mạng thư viện Đại học Đà Nẵng
LEADER 01105nam a2200349 4500
001 000018241
003 14668
005 20131001091031.0
008 130925s2010 viesd
020 |c 000đ 
041 0 |a vie 
082 |a 895.922  |b VU-P 
245 1 0 |a Vũ Ngọc Phan toàn tập  |b Trọn bộ 5 tập  |c Vũ Ngọc Phan ; Hồng Diệu sưu tầm, tuyển chọn và giới thiệu  |n Tập 3 
260 |a H.  |b Văn học  |c 2010 
300 |a 1027 tr :  |c 21cm 
500 |a Nhà xuất bản Văn học và gia đình giữ bản quyền tác giả 
504 |a Tập 3 
653 |a Văn học hiện đại 
653 |a Việt Nam 
653 |a Thi sĩ 
653 |a Nghệ thuật 
700 |a Hồng Diệu  |e Sưu tầm, tuyển chọn và giới thiệu 
773 |t Vũ Ngọc Phan toàn tập  |w 1880 
910 |a Nguyễn Thị Kim Oanh  |d 22/08/2011 
OWN |a LSP 
999 |a From the UDN01 
TYP |a Monograph 
TYP |a Printed language 
980 |a Mạng thư viện Đại học Đà Nẵng